Η συνθήκη του Αμστερνταμ : νέο πρότυπο ολοκλήρωσης ή σύμπτωμα απο-ολοκλήρωσης;
Αποθηκεύτηκε σε:
| Κύριος συγγραφέας: | |
|---|---|
| Μορφή: | Βιβλίο |
| Γλώσσα: | Greek |
| Δημοσίευση: |
Αθήνα :
Θεμέλιο ,
c1998
|
| Σειρά: | Βιβλιοθήκη ευρωπαϊκών θεμάτων
|
| Θέματα: | |
| Ετικέτες: |
Προσθήκη ετικέτας
Δεν υπάρχουν, Καταχωρήστε ετικέτα πρώτοι!
|
MARC
| LEADER | 00000nam a2200000 i 4500 | ||
|---|---|---|---|
| 001 | 1/73459 | ||
| 008 | 990316s1998 gre d | ||
| 020 | |a 9603102407 | ||
| 035 | |l 10048814 | ||
| 040 | |a GR-MY-UA |b gre |e aacr | ||
| 041 | 0 | |a gre | |
| 082 | 0 | |a 341.0265 | |
| 100 | 1 | |a Ιωακειμίδης, Παναγιώτης Κ. | |
| 245 | 1 | 2 | |a Η συνθήκη του Αμστερνταμ : |b νέο πρότυπο ολοκλήρωσης ή σύμπτωμα απο-ολοκλήρωσης; / |c Π.Κ.Ιωακειμίδης |
| 260 | |a Αθήνα : |b Θεμέλιο , |c c1998 | ||
| 300 | |a 362 σ. | ||
| 490 | 1 | |a Βιβλιοθήκης Ευρωπαϊκών Θεμάτων | |
| 504 | |a Περιέχει βιβλιογραφία | ||
| 650 | 0 | 0 | |a Treaties |z European Union countries. |
| 830 | 0 | |a Βιβλιοθήκη ευρωπαϊκών θεμάτων | |
| 852 | |a INST |b CHIOS |e 19990316 |h 341.0265 ΙΩΑ |p 005200014588 |q 005200014588 |t BK |y 0 | ||
| 901 | |a BIBL-1999-1 | ||
| 909 | |a Χ |b 055612 | ||
| 922 | |a 2ΔΩΡ |b 199903 |c ΜΕΤΑΠΤΥΧΙΑΚΟ ΤΟΥΡΙΣΜΟΥ | ||